Genetika za železnou oponou : její potlačování a reinstitucionalizace v Československu /

Main Author: Matalová, Anna, 1944-
Other Authors: Sekerák, Jiří, 1962-
Language: Czech
Published: Brno : Moravské zemské muzeum, 2004
Edition: Vyd. 1.
Physical Description: 119 s. : il., portréty ; 21 cm
Book
Saved in:
LEADER 01406nam a2200373 a 4500
001 000760327
003 CZ BrMZK
005 20100311132959.0
007 ta
008 050120s2004 xr ac er 000 0 cze d
015 |a cnb001497610 
020 |a 80-7028-239-8  |q (brož.) 
035 |a (OCoLC)63295677 
040 |a BOA001  |b cze 
043 |a e-cs--- 
072 7 |a 575  |x Obecná genetika. Obecná cytogenetika. Evoluce  |2 Konspekt  |9 2 
080 |a 575(091)  |2 MRF 
080 |a (437)  |2 MRF 
080 |a (048.8)  |2 MRF 
100 1 |a Matalová, Anna,  |d 1944-  |7 mzk2005269570  |4 aut 
245 1 0 |a Genetika za železnou oponou :  |b její potlačování a reinstitucionalizace v Československu /  |c Anna Matalová, Jiří Sekerák 
250 |a Vyd. 1. 
260 |a Brno :  |b Moravské zemské muzeum,  |c 2004 
300 |a 119 s. :  |b il., portréty ;  |c 21 cm 
504 |a Obsahuje bibliografické odkazy 
650 0 7 |a genetika  |7 ph114609  |z Československo  |2 czenas 
650 0 7 |a genetika  |7 ph114609  |x dějiny  |y 1951-1970  |2 czenas 
655 7 |a studie  |7 fd133597  |2 czenas 
700 1 |a Sekerák, Jiří,  |d 1962-  |7 mzk2005269571  |4 aut 
910 |a BOA001  |b 2-1146.488 
990 |a BK 
991 |b 200503  |c NOV 
996 6 |b 2610239642  |c 2-1146.488  |l MZK  |r Sklad / do 1 hodiny  |n 0  |p p.v.  |w 000760327  |u 000010  |a 1  |e BOA001  |j MZK50  |s P 
996 7 |b 2610239643  |c 2-1146.488  |l MZK  |r Sklad / do 1 hodiny  |n 22  |p p.v.  |w 000760327  |u 000020  |a 1  |e BOA001  |j MZK50  |s A